|
|
|
|
| LEADER |
00000nam a2200000 a 4500 |
| 001 |
vtls001560947 |
| 003 |
SK-MaSNL |
| 005 |
20260224072720.0 |
| 008 |
050420s xo d 000 0 slo |
| 013 |
|
|
|a 284 275
|b xxu
|c patentový spis
|d 20041201
|e dátum nadobudnutia účinkov patentu (Vestník ÚPV SR č.: 12/2004 )
|d 20041124
|e dátum sprístupnenia patentu verejnosti
|
| 013 |
|
|
|a 1146-97
|e číslo prihlášky
|d 19960126
|e dátum podania prihlášky
|d 19980805
|e dátum zverejnenia prihlášky (Vestník ÚPV SR č.: 08/1998 )
|
| 013 |
|
|
|a 08/393 143
|e číslo prioritnej prihlášky
|d 19950221
|e dátum podania prioritnej prihlášky
|
| 013 |
|
|
|a PCT/US96/01093
|e číslo podania medzinárednej prihlášky podľa PCT
|
| 013 |
|
|
|a WO96/26195
|e číslo zverejnenia medzinárodnej prihlášky podľa PCT
|
| 040 |
|
|
|a SNK
|b slo
|c SNK
|e AACR2
|
| 245 |
1 |
|
|a Benzotiazíndioxidy, spôsob ich výroby a použitia, medziprodukty, spôsob ich výroby a farmaceutické prostriedky
|
| 260 |
|
|
|a [Banská Bystrica]
|b Úrad priemyselného vlastníctva Slovenskej republiky
|c [2004]
|
| 919 |
|
|
|a ISBN
|
| 999 |
|
|
|c 905583
|d 907513
|
| 952 |
|
|
|a SNK
|b SNK
|y PREZ
|7 0
|p 17A0467192
|o snkSK 284275
|i snk2005/6606
|8 0
|0 0
|1 0
|4 0
|d 2005-04-20
|l 0
|r 2026-02-24 07:27:20
|w 2026-02-24
|